| 000 | 00876nam a2200193Ia 4500 | ||
|---|---|---|---|
| 999 |
_c44271 _d44271 |
||
| 001 | 11029 | ||
| 003 | GE_BSU | ||
| 005 | 20230523153909.0 | ||
| 008 | 181216s1985ge xx |||||||||||||| ||geo|| | ||
| 040 | _cGE_BSU | ||
| 041 | _ageo | ||
| 080 | _a030=353.1 ქ-27 | ||
| 245 |
_aქართული საბჭოთა ენციკლოპედია : _bტ.9. სამეურვეო–ტიხტიხი / _cმთ. რედ: ირ.აბაშიძე. |
||
| 264 |
_aთბილისი : _bმთ. სამეცნ. რედაქცია, _c1985. |
||
| 300 |
_a733 გვ ; _bილ., რუკა, სქ. _c27სმ. |
||
| 653 | _aქართული საბჭოთა ენციკლოპედია | ||
| 700 |
_aაბაშიძე, ირაკლი _eმთავარი რედაქტორი _916448 |
||
| 942 |
_cBK _2udc |
||